000 00246nam a2200097Ia 4500
001 1220663
005 20250827092815.0
008 250824s9999 xx 000 0 und d
245 0 _aSIRLAR UÇURUMU
_cALEİN KENTİGERNA
260 _bPANAMA YAYINLARI
999 _c1220663
_d1220663